<?xml version="1.0" encoding="UTF-8"?>
<collection xmlns:xsi="http://www.w3.org/2001/XMLSchema-instance" xsi:schemaLocation="http://www.loc.gov/MARC21/slim http://www.loc.gov/standards/marcxml/schema/MARC21slim.xsd" xmlns="http://www.loc.gov/MARC21/slim">
 <record>
  <leader>00000ctm a22000003a 4500</leader>
  <controlfield tag="001">UP-99796217612087503</controlfield>
  <controlfield tag="003">Buklod</controlfield>
  <controlfield tag="005">20160526165856.0</controlfield>
  <controlfield tag="006">a     r    |||| u|</controlfield>
  <controlfield tag="007">ta</controlfield>
  <controlfield tag="008">160526s2016    xx     d     r    |||| u|</controlfield>
  <datafield tag="035" ind1=" " ind2=" ">
   <subfield code="a">(iLib)UPD-00254220658</subfield>
  </datafield>
  <datafield tag="040" ind1=" " ind2=" ">
   <subfield code="a">DCHE</subfield>
   <subfield code="e">rda</subfield>
  </datafield>
  <datafield tag="041" ind1=" " ind2=" ">
   <subfield code="a">eng</subfield>
  </datafield>
  <datafield tag="090" ind1=" " ind2=" ">
   <subfield code="a">LG 993.5 2016 F34</subfield>
   <subfield code="b">C65</subfield>
  </datafield>
  <datafield tag="100" ind1="1" ind2=" ">
   <subfield code="a">Constantino, Kathleen Keisha R.</subfield>
   <subfield code="e">author.</subfield>
  </datafield>
  <datafield tag="245" ind1="1" ind2="0">
   <subfield code="a">Experiences of menarche among eldest adolescent daughters enrolled in public high schools in Quezon City</subfield>
   <subfield code="c">Kathleen Keisha R. Constantino ; Aurorita T. Roldan, adviser.</subfield>
  </datafield>
  <datafield tag="264" ind1=" " ind2="0">
   <subfield code="a">Quezon City</subfield>
   <subfield code="b">College of Home Economics,  University of the Philippines Diliman</subfield>
   <subfield code="c">2016.</subfield>
  </datafield>
  <datafield tag="300" ind1=" " ind2=" ">
   <subfield code="a">xi, 80 leaves</subfield>
   <subfield code="c">28 cm +</subfield>
   <subfield code="e">1 CD-ROM</subfield>
  </datafield>
  <datafield tag="336" ind1=" " ind2=" ">
   <subfield code="a">text</subfield>
   <subfield code="2">rdacontent.</subfield>
  </datafield>
  <datafield tag="337" ind1=" " ind2=" ">
   <subfield code="a">unmediated</subfield>
   <subfield code="2">rdamedia.</subfield>
  </datafield>
  <datafield tag="338" ind1=" " ind2=" ">
   <subfield code="a">volume</subfield>
   <subfield code="2">rdacarrier.</subfield>
  </datafield>
  <datafield tag="502" ind1=" " ind2=" ">
   <subfield code="a">Thesis (BS Family Life and Child Development)--University of the Philippines Diliman, 2016.</subfield>
  </datafield>
  <datafield tag="520" ind1=" " ind2=" ">
   <subfield code="a">Menarche serves as a biological marker of the start of girl's adolescence, however, it is not a biological phenomenon alone. This research therefore describes the totality of experiences before, during and after menarche among eldest adolescent daughters. A total of 30 respondents (comprised of 15 eldest and 15 only daughters) participated in an in-depth story-telling with the researcher s facilitator. Findings based on the responses of the participants were grouped according to similar themes and categories, with the frequencies taken into account. The results showed that majority of the participants had some prior knowledge before menarche such as practices and behaviors to observed and avoid, which were usually communicated by mothers but however, still do not feel fully prepared menarche. Girls also reported mostly negative feelings such as fear and embarrassment during menarche, girls often encountered changes such as behavioral expectations and restriction with regard to their actions around the opposite sec and staying out late, to which they resolved to adapt accordingly to.</subfield>
  </datafield>
  <datafield tag="650" ind1="1" ind2="7">
   <subfield code="a">Menarche</subfield>
   <subfield code="z">Philippines.</subfield>
  </datafield>
  <datafield tag="650" ind1="1" ind2="7">
   <subfield code="a">Teenage girls</subfield>
   <subfield code="z">Philippines</subfield>
   <subfield code="x">Health and hygiene.</subfield>
  </datafield>
  <datafield tag="700" ind1="1" ind2=" ">
   <subfield code="a">Roldan, Aurorita T.</subfield>
   <subfield code="e">adviser.</subfield>
  </datafield>
  <datafield tag="905" ind1=" " ind2=" ">
   <subfield code="a">FI</subfield>
  </datafield>
  <datafield tag="852" ind1="0" ind2=" ">
   <subfield code="a">UPD</subfield>
   <subfield code="b">DCHE</subfield>
   <subfield code="h">LG 993.5 2016 F34</subfield>
   <subfield code="i">D67</subfield>
  </datafield>
  <datafield tag="942" ind1=" " ind2=" ">
   <subfield code="a">Thesis</subfield>
  </datafield>
 </record>
</collection>
